| 000 | 01421nam a2200337 i 4500 | ||
|---|---|---|---|
| 999 |
_c9983 _d9983 |
||
| 001 | 6982350 | ||
| 003 | OCoLC | ||
| 005 | 20241126110723.0 | ||
| 008 | 801030s1980 miu b 001 0 eng | ||
| 010 | _a80066776 | ||
| 020 | _a0801077001 | ||
| 020 | _a9780801077005 | ||
| 035 | _atcgc215077 | ||
| 035 |
_a(OCoLC)06982350 _z(OCoLC)692255906 _z(OCoLC)1244464858 |
||
| 040 |
_aDLC _beng _erda _cDLC _dm.c. _dATO |
||
| 050 | 0 | 0 |
_aBV4211.2 _b.R59 |
| 082 | 0 | 0 |
_a251 _219 _bROB |
| 100 | 1 |
_aRobinson, Haddon W. _0https://id.loc.gov/authorities/names/n80128793 _91464 |
|
| 245 | 1 | 0 |
_aBiblical preaching : _bthe development and delivery of expository messages / _cHaddon W. Robinson. |
| 264 | 1 |
_aGrand Rapids, Mich. : _bBaker Book House, _c[1980] |
|
| 264 | 4 | _c℗♭1980 | |
| 300 |
_a230 pages ; _c24 cm |
||
| 336 |
_atext _btxt _2rdacontent |
||
| 337 |
_aunmediated _bn _2rdamedia |
||
| 338 |
_avolume _bnc _2rdacarrier |
||
| 500 | _aIncludes indexes. | ||
| 504 | _aIncludes bibliographical references (pages 221-224). | ||
| 505 | 0 | _aThe case for expository preaching -- What's the big idea? -- Tool of the trade -- The road from text to sermon -- The power of purpose -- The shapes sermons take -- Making dry bones live -- Start with a bang and quit all over -- The dress of thought -- How to preach so people will listen. | |
| 650 | 0 |
_aPreaching. _0https://id.loc.gov/authorities/subjects/sh85106171 _9404 |
|
| 942 |
_2ddc _cBK |
||